Giáo trình cơ sở khoa học môi trường

Sách trình bày các vấn đề về môi trường, hệ sinh thái, các vấn đề về môi trường đất, nước, không khí, sự ô nhiễm và xử lý ô nhiễm môi trường,...

Spremljeno u:
Bibliografski detalji
Glavni autor: Bùi, Thị Nga
Format: Knjiga
Jezik:Undetermined
Izdano: Cần Thơ Trường Đại học Cần Thơ 2008
Teme:
Oznake: Dodaj oznaku
Bez oznaka, Budi prvi tko označuje ovaj zapis!
Thư viện lưu trữ: Trung tâm Học liệu Trường Đại học Cần Thơ
LEADER 00830nam a2200193Ia 4500
001 CTU_143077
008 210402s9999 xx 000 0 und d
082 |a 363.7 
082 |b Ng100 
100 |a Bùi, Thị Nga 
245 0 |a Giáo trình cơ sở khoa học môi trường 
245 0 |c Bùi Thị Nga 
260 |a Cần Thơ 
260 |b Trường Đại học Cần Thơ 
260 |c 2008 
520 |a Sách trình bày các vấn đề về môi trường, hệ sinh thái, các vấn đề về môi trường đất, nước, không khí, sự ô nhiễm và xử lý ô nhiễm môi trường,... 
650 |a Environmental science,Khoa học môi trường 
904 |i Năm 
980 |a Trung tâm Học liệu Trường Đại học Cần Thơ